| 000 | 01195cam a2200289 4500 | ||
|---|---|---|---|
| 008 | 000000n2000 000 0 eng u | ||
| 020 | _a0727729608 | ||
| 035 | _a(Sirsi) u110475 | ||
| 041 | _aeng | ||
| 050 | _a711.1 | ||
| 110 |
_aUnited Kingdom _bDepartment of the Environment, Transport and the Regions _93507 |
||
| 245 | _aEnvironmental impact assessment: a guide to procedures | ||
| 260 |
_aTonbridge _bThomas Telford _c2000 |
||
| 300 | _a111p. ; 21cm. | ||
| 350 | _a£15.00 | ||
| 520 | _aBooklet intended primarily for developers and their advisers which explains how European Community (EC) requirements for the environmental impact assessment of major projects have been incorporated into consent procedures in the UK. View at www.planning.odpm.gov.uk. | ||
| 650 | _aDIRECTIVE 85/337/EEC | ||
| 650 | _aDIRECTIVE 97/11/EC | ||
| 650 | _aENVIRONMENTAL IMPACT ASSESSMENTS | ||
| 650 | _aENVIRONMENTAL PROJECTS | ||
| 650 | _aPLANNING PERMISSION | ||
| 650 | _aPLANNING PROCEDURE | ||
| 690 | _aENVIRONMENT-ENVIRONMENTAL LAW | ||
| 710 |
_aNAFW _93812 |
||
| 856 |
_uhttps://www.communities.gov.uk/index.asp?id=1143250 _vView the guidance on the ODPM website... |
||
| 942 | _n0 | ||
| 999 |
_c101102 _d101102 |
||